• 首页
  • 本馆介绍
  • 公告通知
  • 最新文献
  • 馆藏检索
  • 电子资源
  • 读者导购
  • 参考咨询
  • 我的图书馆
  • 登录
  • 详细信息显示
  • 放入我的书架
  • 预约/预借图书
  • 作者相关作品
  • 分类相关作品
  • 丛书相关作品
  • 出版社相关作品

书目信息

  • 表格格式
  • 工作单格式
  • 卡片格式
题名:
米勒兰事件
    
 
作者: ;中共中央马克思恩格斯列宁斯大林著作编译局国际共运史研究室 编
分册:  
出版信息: 北京   三联书店  1980
页数: 330页
开本: 19cm
丛书名:
单 册:
中图分类: K565.05
科图分类:
主题词: 西欧--历史
电子资源:
ISBN:
000 00802nam0 2200241 45
001 0180007948
005 20040510150215.3
010    @dCNY0.90
091    @a11002.549
100    @a19950706d1980 em y0chiy0121 ea
101 0  @achi
102    @aCN@b110000
105    @ay z 000yy
106    @ar
200 10 @a米勒兰事件@Ami le lan shi jian@f中共中央马克思恩格斯列宁斯大林著作编译局国际共运史研究室编
210    @a北京@c三联书店@d1980
215    @a330页@d19cm
606 0  @a西欧@x历史
690    @aK565.05@v3
711 02 @a中共中央马克思恩格斯列宁斯大林著作编译局国际共运史研究室@Azhong gong zhong yang ma ke si en ge si lie ning si da lin zhu zuo bian yi ju guo ji gong yun shi yan jiu shi@4编
801  0 @aCN@b上海图书馆@c20040219
801  2 @aCN@bNLC@c20040219
905    @dK565.05@e2@f1@b66963
    
    米勒兰事件/中共中央马克思恩格斯列宁斯大林著作编译局国际共运史研究室编.-北京:三联书店,1980
    330页;19cm
    
    
    ISBN :CNY0.90
    
●
相关链接 在E读中查询图书 在五车中查询图书 在当当中查询图书 在豆瓣中查询图书


正题名:米勒兰事件     索取号:K565.05/2         预约/预借

序号 登录号 条形码 馆藏地/架位号 状态 备注
1 0066960   001913004   密集书库/ [索取号:K565.05/2] 在馆    
2 0066961   001881039   密集书库/ [索取号:K565.05/2] 在馆    
3 0066962   001880995   密集书库/ [索取号:K565.05/2] 在馆    
4 0066963   001412073   密集书库/ [索取号:K565.05/2] 在馆    
5 0066964   001412117   第二样本阅览室/ [索取号:K565.05/2] 在馆    
唐山师范学院图书馆 欢迎您!
大连网信软件有限公司© 版权所有